MARC

LEADER 00000nam0a2200000 4500
001 299046
005 20231102001150.0
020 |a RU  |b 82-69614 
035 |a (RuTPU)RU\TPU\book\324198 
090 |a 299046 
100 |a 20150624d1982 k y0rusy5003 ca 
101 0 |a rus 
102 |a RU 
105 |a a z 001zy 
200 1 |a Научные основы прогрессивной технологии  |f Г. И. Марчук [и др.] 
210 |a Москва  |c Машиностроение  |d 1982 
215 |a 375 с.  |c ил. 
300 |a Авт. указаны на обороте тит. л. 
300 |a Посвящается 60-летию образования СССР 
320 |a Библиогр.: с. 371-373. 
606 1 |a Технология  |x Интенсификация  |2 stltpush  |3 (RuTPU)RU\TPU\subj\60149  |9 77638 
610 1 |a технический прогресс 
610 1 |a наука 
610 1 |a вычислительная техника 
610 1 |a механика 
610 1 |a системный подход 
610 1 |a импульсная плазма 
610 1 |a обработка 
610 1 |a материалы 
610 1 |a лазерные анализаторы 
610 1 |a вибрационная технология 
610 1 |a вибрационная техника 
610 1 |a композиционные материалы 
610 1 |a машиностроительное производство 
610 1 |a технологические процессы 
610 1 |a автоматизация 
610 1 |a металлургическое машиностроение 
610 1 |a процессы 
610 1 |a машины 
675 |a 62.002  |v 3 
701 1 |a Марчук  |b Г. И.  |g Гурий Иванович 
701 1 |a Ишлинский  |b А. Ю. 
701 1 |a Федосеев  |b П. Н. 
701 1 |a Образцов  |b И. Ф. 
701 1 |a Прохоров  |b А. М. 
701 1 |a Целиков  |b А. И. 
801 0 |a RU  |b RuMRKP  |c 19950704  |g psbo 
801 1 |a RU  |b 63413507  |c 20150624 
801 2 |a RU  |b 63413507  |c 20220601  |g RCR 
942 |c BK